000
00237 a2200097 4500
001
48523
100
_a
Read, H.H
245
_a
Geology : an introduction to earth history
260
_a
London
_b
Oxford univ press
_c
090
_c
31457
_d
31457
942
_a
NUST-CAE
_c
M
_c
23844
999
_c
283596
_d
283596